Teuerste Abgänge von Borussia Dortmund - Statistiken

Allgemein
  • Dieses Quiz wurde 179 mal gespielt
  • Das Durchschnittsergebnis liegt bei 8 aus 15
Antwortstatistiken
Hint Antwort % Korrekt
2 Jude Bellingham
94%
1 Ousmane Dembele
92%
6 Erling Haaland
90%
9 Mats Hummels
81%
3 Jadon Sancho
80%
8 Mario Götze
72%
5 Pierre-Emerick Aubameyang
65%
4 Christian Pulisic
56%
11 Ilkay Gündogan
33%
7 Henrik Mkhitaryan
32%
15 Manuel Akanji
28%
12 Niclas Füllkrug
24%
14 Paco Alcacer
24%
10 Abdou Diallo
22%
13 Donyell Malen
21%
Keine übereinstimmenden Quizze gefunden
Verteilung der Resultate
Anzahl Personen mit jedem Resultat
Perzentil nach korrekt beantworteten Fragen
Ihre Resultats-Entwicklung
Sie haben dieses Quiz noch nicht gespielt